000 00834nam a2200265 a 4500
001 000045341
003 DO-SdBNP
005 20240503073631.0
007 ta
008 150304s2001 dr 000 f spa d
020 _a8403092636
040 _aDO-SdBNP
_bspa
_cBNPHU
082 4 _a863.3
_bC419g, 2001
_222
100 1 _aCervantes Saavedra, Miguel de,
_d1547-1616
_93070
245 1 3 _aLa gitanilla /
_cMiguel de Cervantes y Saavedra ; pról. de Ángel Valbuena Prat.
260 _aMadrid :
_bGrupo santillana,
_c2001.
300 _a280 p. ;
_c9 cm.
490 _aCrisol ;
_vSerie especial
590 _aInventariado, 2022 / DG
650 4 _aNovela española
_91123
650 4 _aLiteratura española
_9632
700 1 _aValbuena Prat, Ángel
_epról..
_936754
910 _aDG/Validado. Control calidad MFF
942 _2ddc
_cLBS1
999 _c53020
_d53020